<?xml version="1.0" encoding="UTF-8"?>
<collection xmlns="http://www.loc.gov/MARC21/slim">
 <record>
  <leader>06081cam a2200913 c 4500</leader>
  <controlfield tag="001">319357007</controlfield>
  <controlfield tag="003">DE-627</controlfield>
  <controlfield tag="005">20250404103512.0</controlfield>
  <controlfield tag="007">tu</controlfield>
  <controlfield tag="008">000915s2000    gw |||||      00| ||ger c</controlfield>
  <datafield tag="015" ind1=" " ind2=" ">
   <subfield code="a">00,N34,1153</subfield>
   <subfield code="2">dnb</subfield>
  </datafield>
  <datafield tag="016" ind1="7" ind2=" ">
   <subfield code="a">959489657</subfield>
   <subfield code="2">DE-101</subfield>
  </datafield>
  <datafield tag="020" ind1=" " ind2=" ">
   <subfield code="a">3799545115</subfield>
   <subfield code="q"> : DM 138,00</subfield>
  </datafield>
  <datafield tag="024" ind1="3" ind2=" ">
   <subfield code="a">9783799545112</subfield>
  </datafield>
  <datafield tag="035" ind1=" " ind2=" ">
   <subfield code="a">(DE-627)319357007</subfield>
  </datafield>
  <datafield tag="035" ind1=" " ind2=" ">
   <subfield code="a">(DE-576)086658913</subfield>
  </datafield>
  <datafield tag="035" ind1=" " ind2=" ">
   <subfield code="a">(DE-599)GBV319357007</subfield>
  </datafield>
  <datafield tag="035" ind1=" " ind2=" ">
   <subfield code="a">(OCoLC)237379356</subfield>
  </datafield>
  <datafield tag="035" ind1=" " ind2=" ">
   <subfield code="a">(OCoLC)313483797</subfield>
  </datafield>
  <datafield tag="040" ind1=" " ind2=" ">
   <subfield code="a">DE-627</subfield>
   <subfield code="b">ger</subfield>
   <subfield code="c">DE-627</subfield>
   <subfield code="e">rda</subfield>
  </datafield>
  <datafield tag="041" ind1=" " ind2=" ">
   <subfield code="a">ger</subfield>
   <subfield code="a">fre</subfield>
  </datafield>
  <datafield tag="044" ind1=" " ind2=" ">
   <subfield code="c">XA-DE</subfield>
   <subfield code="c">XA-DE-BW</subfield>
  </datafield>
  <datafield tag="084" ind1=" " ind2=" ">
   <subfield code="a">63</subfield>
   <subfield code="a">64</subfield>
   <subfield code="2">sdnb</subfield>
  </datafield>
  <datafield tag="084" ind1=" " ind2=" ">
   <subfield code="a">9,10</subfield>
   <subfield code="2">ssgn</subfield>
  </datafield>
  <datafield tag="084" ind1=" " ind2=" ">
   <subfield code="a">ND 9300</subfield>
   <subfield code="2">rvk</subfield>
   <subfield code="0">(DE-625)rvk/125179:</subfield>
  </datafield>
  <datafield tag="084" ind1=" " ind2=" ">
   <subfield code="a">NW 8100</subfield>
   <subfield code="2">rvk</subfield>
   <subfield code="0">(DE-625)rvk/132305:</subfield>
  </datafield>
  <datafield tag="084" ind1=" " ind2=" ">
   <subfield code="a">NM 7250</subfield>
   <subfield code="2">rvk</subfield>
   <subfield code="0">(DE-625)rvk/126405:</subfield>
  </datafield>
  <datafield tag="084" ind1=" " ind2=" ">
   <subfield code="a">NK 4950</subfield>
   <subfield code="q">BVB</subfield>
   <subfield code="2">rvk</subfield>
   <subfield code="0">(DE-625)rvk/126082:</subfield>
  </datafield>
  <datafield tag="084" ind1=" " ind2=" ">
   <subfield code="a">EC 1878</subfield>
   <subfield code="q">BVB</subfield>
   <subfield code="2">rvk</subfield>
   <subfield code="0">(DE-625)rvk/20442:</subfield>
  </datafield>
  <datafield tag="084" ind1=" " ind2=" ">
   <subfield code="a">15.30</subfield>
   <subfield code="2">bkl</subfield>
  </datafield>
  <datafield tag="084" ind1=" " ind2=" ">
   <subfield code="a">15.33</subfield>
   <subfield code="2">bkl</subfield>
  </datafield>
  <datafield tag="084" ind1=" " ind2=" ">
   <subfield code="a">15.34</subfield>
   <subfield code="2">bkl</subfield>
  </datafield>
  <datafield tag="090" ind1=" " ind2=" ">
   <subfield code="a">a</subfield>
  </datafield>
  <datafield tag="245" ind1="0" ind2="4">
   <subfield code="a">Das Frauenzimmer</subfield>
   <subfield code="b">die Frau bei Hofe in Spätmittelalter und früher Neuzeit ; 6. Symposium der Residenzen-Kommission der Akademie der Wissenschaften in Göttingen</subfield>
   <subfield code="c">veranstaltet in Zusammenarbeit mit dem Deutschen Historischen Institut Paris, dem Sonderforschungsbereich 537 der Technischen Universität Dresden und dem Landesamt für Archäologie des Freistaates Sachsen, Dresden, 26. bis 29. September 1998 ; herausgegeben von Jan Hirschbiegel und Werner Paravicini</subfield>
  </datafield>
  <datafield tag="263" ind1=" " ind2=" ">
   <subfield code="a">Gb. : DM 128.00</subfield>
  </datafield>
  <datafield tag="264" ind1=" " ind2="1">
   <subfield code="a">Stuttgart</subfield>
   <subfield code="b">Jan Thorbecke Verlag</subfield>
   <subfield code="c">2000</subfield>
  </datafield>
  <datafield tag="300" ind1=" " ind2=" ">
   <subfield code="a">471 Seiten</subfield>
   <subfield code="b">Illustrationen, Pläne</subfield>
  </datafield>
  <datafield tag="336" ind1=" " ind2=" ">
   <subfield code="a">Text</subfield>
   <subfield code="b">txt</subfield>
   <subfield code="2">rdacontent</subfield>
  </datafield>
  <datafield tag="337" ind1=" " ind2=" ">
   <subfield code="a">ohne Hilfsmittel zu benutzen</subfield>
   <subfield code="b">n</subfield>
   <subfield code="2">rdamedia</subfield>
  </datafield>
  <datafield tag="338" ind1=" " ind2=" ">
   <subfield code="a">Band</subfield>
   <subfield code="b">nc</subfield>
   <subfield code="2">rdacarrier</subfield>
  </datafield>
  <datafield tag="490" ind1="1" ind2=" ">
   <subfield code="a">Residenzenforschung</subfield>
   <subfield code="v">Band 11</subfield>
  </datafield>
  <datafield tag="490" ind1="1" ind2=" ">
   <subfield code="a">Symposium der Residenzen-Kommission der Akademie der Wissenschaften in Göttingen$6</subfield>
  </datafield>
  <datafield tag="500" ind1=" " ind2=" ">
   <subfield code="a">Literaturangaben</subfield>
  </datafield>
  <datafield tag="546" ind1=" " ind2=" ">
   <subfield code="a">Beiträge teilweise deutsch, teilweise französisch</subfield>
  </datafield>
  <datafield tag="583" ind1="1" ind2=" ">
   <subfield code="a">Archivierung/Langzeitarchivierung gewährleistet</subfield>
   <subfield code="f">PEBW</subfield>
   <subfield code="x">XA-DE-BW</subfield>
   <subfield code="2">pdager</subfield>
   <subfield code="5">DE-24</subfield>
  </datafield>
  <datafield tag="583" ind1="1" ind2=" ">
   <subfield code="a">Archivierung/Langzeitarchivierung gewährleistet</subfield>
   <subfield code="f">SSG</subfield>
   <subfield code="x">XA-DE-BW</subfield>
   <subfield code="2">pdager</subfield>
   <subfield code="5">DE-16</subfield>
  </datafield>
  <datafield tag="650" ind1=" " ind2="4">
   <subfield code="a">Kongress</subfield>
  </datafield>
  <datafield tag="650" ind1=" " ind2="4">
   <subfield code="a">Geschichte 1250-1600</subfield>
   <subfield code="7">(dpeaa)DE-2491</subfield>
  </datafield>
  <datafield tag="650" ind1=" " ind2="4">
   <subfield code="a">Frau</subfield>
   <subfield code="7">(dpeaa)DE-2491</subfield>
  </datafield>
  <datafield tag="650" ind1=" " ind2="4">
   <subfield code="a">Hof</subfield>
   <subfield code="7">(dpeaa)DE-2491</subfield>
  </datafield>
  <datafield tag="655" ind1=" " ind2="7">
   <subfield code="a">Konferenzschrift</subfield>
   <subfield code="0">(DE-588)1071861417</subfield>
   <subfield code="0">(DE-627)826484824</subfield>
   <subfield code="0">(DE-576)433375485</subfield>
   <subfield code="2">gnd-content</subfield>
  </datafield>
  <datafield tag="689" ind1="0" ind2="0">
   <subfield code="d">s</subfield>
   <subfield code="0">(DE-588)4018202-2</subfield>
   <subfield code="0">(DE-627)104270705</subfield>
   <subfield code="0">(DE-576)208923209</subfield>
   <subfield code="a">Frau</subfield>
   <subfield code="2">gnd</subfield>
  </datafield>
  <datafield tag="689" ind1="0" ind2="1">
   <subfield code="d">s</subfield>
   <subfield code="0">(DE-588)4025453-7</subfield>
   <subfield code="0">(DE-627)106293397</subfield>
   <subfield code="0">(DE-576)208960856</subfield>
   <subfield code="a">Hof</subfield>
   <subfield code="2">gnd</subfield>
  </datafield>
  <datafield tag="689" ind1="0" ind2="2">
   <subfield code="a">z</subfield>
   <subfield code="2">gnd</subfield>
   <subfield code="a">Geschichte 1250-1600</subfield>
  </datafield>
  <datafield tag="689" ind1="0" ind2=" ">
   <subfield code="5">DE-101</subfield>
  </datafield>
  <datafield tag="700" ind1="1" ind2=" ">
   <subfield code="a">Hirschbiegel, Jan</subfield>
   <subfield code="d">1959-</subfield>
   <subfield code="e">HerausgeberIn</subfield>
   <subfield code="0">(DE-588)128490330</subfield>
   <subfield code="0">(DE-627)373398379</subfield>
   <subfield code="0">(DE-576)182736598</subfield>
   <subfield code="4">edt</subfield>
  </datafield>
  <datafield tag="700" ind1="1" ind2=" ">
   <subfield code="a">Paravicini, Werner</subfield>
   <subfield code="d">1942-</subfield>
   <subfield code="e">HerausgeberIn</subfield>
   <subfield code="0">(DE-588)118039350</subfield>
   <subfield code="0">(DE-627)079206239</subfield>
   <subfield code="0">(DE-576)162482493</subfield>
   <subfield code="4">edt</subfield>
  </datafield>
  <datafield tag="787" ind1="0" ind2="8">
   <subfield code="i">Rezensiert in</subfield>
   <subfield code="a">Meinhardt, Matthias, 1969 - </subfield>
   <subfield code="t">[Rezension von: Hirschbiegel, Jan; Paravicini, Werner (Hrsg.), Das Frauenzimmer. Die Frau am Hofe in Spätmittelalter und Früher Neuzeit. 6. Symposium der Residenzen-Kommission der Akademie der Wissenschaften Göttingen, veranstaltet in Zusammenarbeit mit dem Deutschen Historischen Institut Paris, dem Sonderforschungsbereich 537 der Technischen Universität Dresden und dem Landesamt für Archäologie des Freistaates Sachsen. Dresden, 26. bis 29. September 1998]</subfield>
   <subfield code="d">2002</subfield>
   <subfield code="w">(DE-627)893578851</subfield>
  </datafield>
  <datafield tag="787" ind1="0" ind2="8">
   <subfield code="i">Rezensiert in</subfield>
   <subfield code="a">Ruby, Sigrid, 1968 - </subfield>
   <subfield code="t">[Rezension von: Jan Hirschbiegel / Werner Paravicini (Hrsg.), Das Frauenzimmer]</subfield>
   <subfield code="d">2001</subfield>
   <subfield code="w">(DE-627)1921436905</subfield>
  </datafield>
  <datafield tag="810" ind1="2" ind2=" ">
   <subfield code="a">Akademie der Wissenschaften in Göttingen</subfield>
   <subfield code="b">Residenzen-Kommission</subfield>
   <subfield code="t">Symposium der Residenzen-Kommission der Akademie der Wissenschaften zu Göttingen</subfield>
   <subfield code="v">6</subfield>
   <subfield code="9">6</subfield>
   <subfield code="w">(DE-627)235936820</subfield>
   <subfield code="w">(DE-576)050662155</subfield>
   <subfield code="w">(DE-600)1399243-0</subfield>
   <subfield code="7">am</subfield>
  </datafield>
  <datafield tag="830" ind1=" " ind2="0">
   <subfield code="a">Residenzenforschung</subfield>
   <subfield code="v">Band 11</subfield>
   <subfield code="9">11</subfield>
   <subfield code="w">(DE-627)235936855</subfield>
   <subfield code="w">(DE-576)020137230</subfield>
   <subfield code="w">(DE-600)1399247-8</subfield>
   <subfield code="x">1437-658X</subfield>
   <subfield code="7">am</subfield>
  </datafield>
  <datafield tag="856" ind1="4" ind2="2">
   <subfield code="u">https://swbplus.bsz-bw.de/bsz086658913rez.htm</subfield>
   <subfield code="m">B:DE-576;DE-16</subfield>
   <subfield code="q">application/pdf</subfield>
   <subfield code="v">20110222112652</subfield>
   <subfield code="x">Verlag</subfield>
   <subfield code="3">Rezension</subfield>
   <subfield code="7">1</subfield>
  </datafield>
  <datafield tag="935" ind1=" " ind2=" ">
   <subfield code="a">SAXB</subfield>
   <subfield code="a">BWLB</subfield>
  </datafield>
  <datafield tag="935" ind1=" " ind2=" ">
   <subfield code="i">sf</subfield>
  </datafield>
  <datafield tag="935" ind1=" " ind2=" ">
   <subfield code="i">Blocktest</subfield>
  </datafield>
  <datafield tag="936" ind1="r" ind2="v">
   <subfield code="a">ND 9300</subfield>
   <subfield code="b">Burgen- und Schlösserkunde</subfield>
   <subfield code="k">Geschichte</subfield>
   <subfield code="k">Historische Hilfswissenschaften</subfield>
   <subfield code="k">Varia</subfield>
   <subfield code="k">Burgen- und Schlösserkunde</subfield>
   <subfield code="0">(DE-627)1270962639</subfield>
   <subfield code="0">(DE-625)rvk/125179:</subfield>
   <subfield code="0">(DE-576)200962639</subfield>
  </datafield>
  <datafield tag="936" ind1="r" ind2="v">
   <subfield code="a">NW 8100</subfield>
   <subfield code="b">Frauen</subfield>
   <subfield code="k">Geschichte</subfield>
   <subfield code="k">Wirtschafts- und Sozialgeschichte</subfield>
   <subfield code="k">Spezielle Sozialgeschichte</subfield>
   <subfield code="k">Einzelne Stände und Gesellschaftsgruppen</subfield>
   <subfield code="k">Frauen</subfield>
   <subfield code="0">(DE-627)1270766740</subfield>
   <subfield code="0">(DE-625)rvk/132305:</subfield>
   <subfield code="0">(DE-576)200766740</subfield>
  </datafield>
  <datafield tag="936" ind1="r" ind2="v">
   <subfield code="a">NM 7250</subfield>
   <subfield code="b">Einzelbeiträge</subfield>
   <subfield code="k">Geschichte</subfield>
   <subfield code="k">Geschichte des Mittelalters</subfield>
   <subfield code="k">Abendländische Geschichte im Mittelalter nach Zeitabschnitten</subfield>
   <subfield code="k">Spätmittelalter (1250 - 1519)</subfield>
   <subfield code="k">Einzelbeiträge</subfield>
   <subfield code="0">(DE-627)1271462575</subfield>
   <subfield code="0">(DE-625)rvk/126405:</subfield>
   <subfield code="0">(DE-576)201462575</subfield>
  </datafield>
  <datafield tag="936" ind1="r" ind2="v">
   <subfield code="a">NK 4950</subfield>
   <subfield code="b">Allgemeines</subfield>
   <subfield code="k">Geschichte</subfield>
   <subfield code="k">Weltgeschichte, Darstellungen Allgemeine Geschichte einzelner Staaten und Völker Teilgebiete der Geschichte, Sammelwerke</subfield>
   <subfield code="k">Teilgebiete der Geschichte</subfield>
   <subfield code="k">Allgemeine Geistes- und Kulturgeschichte</subfield>
   <subfield code="k">Allgemeine Kulturgeschichte</subfield>
   <subfield code="k">Abendländisch-europäische Kulturgeschichte</subfield>
   <subfield code="k">Allgemeines</subfield>
   <subfield code="0">(DE-627)127115353X</subfield>
   <subfield code="0">(DE-625)rvk/126082:</subfield>
   <subfield code="0">(DE-576)20115353X</subfield>
  </datafield>
  <datafield tag="936" ind1="r" ind2="v">
   <subfield code="a">EC 1878</subfield>
   <subfield code="b">Postkoloniale Literaturtheorie</subfield>
   <subfield code="k">Allgemeine und vergleichende Sprach- und Literaturwissenschaft. Indogermanistik. Außereuropäische Sprachen und Literaturen</subfield>
   <subfield code="k">Allgemeine und vergleichende Literaturwissenschaft.</subfield>
   <subfield code="k">Literaturtheorie, Literaturphilosophie, Literaturästhetik</subfield>
   <subfield code="k">Postkoloniale Literaturtheorie</subfield>
   <subfield code="0">(DE-627)1322932077</subfield>
   <subfield code="0">(DE-625)rvk/20442:</subfield>
   <subfield code="0">(DE-576)252932072</subfield>
  </datafield>
  <datafield tag="936" ind1="b" ind2="k">
   <subfield code="a">15.30</subfield>
   <subfield code="j">Europäische Geschichte in Mittelalter und Neuzeit: Allgemeines</subfield>
   <subfield code="0">(DE-627)181571544</subfield>
  </datafield>
  <datafield tag="936" ind1="b" ind2="k">
   <subfield code="a">15.33</subfield>
   <subfield code="j">Hoch- und Spätmittelalter</subfield>
   <subfield code="0">(DE-627)181571560</subfield>
  </datafield>
  <datafield tag="936" ind1="b" ind2="k">
   <subfield code="a">15.34</subfield>
   <subfield code="j">Europäische Geschichte 1492-1789</subfield>
   <subfield code="0">(DE-627)181569574</subfield>
  </datafield>
  <datafield tag="951" ind1=" " ind2=" ">
   <subfield code="a">BO</subfield>
  </datafield>
  <datafield tag="990" ind1=" " ind2=" ">
   <subfield code="a">Frau</subfield>
  </datafield>
  <datafield tag="990" ind1=" " ind2=" ">
   <subfield code="a">Hof</subfield>
  </datafield>
  <datafield tag="990" ind1=" " ind2=" ">
   <subfield code="a">Geschichte 1250-1600</subfield>
  </datafield>
  <datafield tag="991" ind1=" " ind2=" ">
   <subfield code="a">Rezensiertes Werk</subfield>
  </datafield>
  <datafield tag="999" ind1=" " ind2=" ">
   <subfield code="a">KXP-PPN319357007</subfield>
   <subfield code="e">4927473155</subfield>
  </datafield>
 </record>
</collection>
